| 000 | 01111nam a2200289 a 4500 | ||
|---|---|---|---|
| 001 | 000037771 | ||
| 003 | DO-SdBNP | ||
| 005 | 20230201121816.0 | ||
| 007 | 000037771 | ||
| 008 | 130305s2007 dr 001 0 spa d | ||
| 040 |
_aBPMSU _bspa _cBPMSU |
||
| 082 | 4 |
_a320.97293 _bG993d 2007 _222 |
|
| 100 | 1 |
_aGuzmán Ramírez, Nelson Antonio, _d1948- |
|
| 245 | 1 | 0 |
_aDe las elecciones y otros demonios que nos arropan / _cNelson Antonio Guzmán Ramírez ; prólogo Zacarías Payano Almánzar. |
| 260 |
_aSanto Domingo : _bImpresora Soto Castillo, _c2007. |
||
| 300 |
_a151 p. ; _c23 cm. |
||
| 500 | _aIncluye datos biográficos del autor en la contracubierta. | ||
| 504 | _aBibliografía : p. 147-151. | ||
| 590 | _6Inventariado, 2021/VM | ||
| 650 | 4 |
_aElecciones _zRepública Dominicana |
|
| 650 | 4 |
_aPartidos políticos _zRepública Dominicana |
|
| 651 | 4 |
_aRepública Dominicana _xPolítica y gobierno _y1961- |
|
| 651 | 4 |
_aRepública Dominicana _xHistoria constitucional |
|
| 700 | 1 |
_aPayano Almánzar, Zacarías, _epról. |
|
| 910 | _aVMateo M /Validado. Control de calidad EMS | ||
| 942 |
_2ddc _cBK |
||
| 999 |
_c8132 _d8132 |
||